02045nam a2200313Ia 450000100060000000300090000600800410001504000130005604000130006904100130008210000180009510000290011324500550014224500550019725000110025226000110026326000090027426000490028330000430033250010100037565000220138565000310140794200070143895700060144599900170145199900070146899900060147595202500148115330IT-RoPAU130308s9999 xx 000 0 und d aIT-RoPAU cIT-RoPAU aITALIANO aPandolfi Vito gCodice Aut. SPICS: 2921 aStoria universale del teatro drammatico (2 volumi) bStoria Universale del Teatro Drammatico (2 Volumi) a1a ed. aTORINO bUTET c1964 [1° Ed.:1964 - Ed.Ling.Originale:1964] a"1626 p. (prefazione: 8; testo: 1618)" aOrigini Dello Spettacolo dal Mito al dramma Autori Tragici e comici forme Classiche Epigoni Latini Romanzo Drammatico Indiano reinvenzione della commedia Latino dei Goliardi e degli Umanisti Sviluppi in volgare e in Dialettoidillio e parodia del Personaggio Popolare commedia dell'arte manifestazioni Dello Spirito Religioso dal dramma Liturgico Alle rappresentazioni Edificanti Sacralità del No giapponese Tragedia di Stampo classico in Italia Nuova Moralità Teatrale da Moliere Alla Rivoluzione Francese rinnovamento con Lessing Goldoni Gozzi Kabuki giapponese scena inglese Marlowe Shakespearedrammi storici della Latinità commedie e umorismo Tragedia e Leggenda Movimento romantico Nuova Scienza Dello Spettacolo Teatrale Grande Attore Italiano cronache della scena moderna Nei secoli XIX e Xx Spirito del Vaudeville Indagine Sociale commedia Umana di Napoli Luigi Pirandello Eugene 0'Neill e Il dramma Statunitense Mito e Simbolismo Avanguardia vicende Storiche del dramma dopoguerra Italiano aSTORIA DEL TEATRO eCodice materia Spics: 8408 cBK 71 c76485d76485 bSI g1 001040615330_00000000000000071aSPICSbSPICSd2013-03-08l0o15330r2013-03-08 00:00:00w2013-03-08yBKzProgressivo inserimento: 55372 / N. Volumi: 2 Copie: 1 Copia Rara: SI / data import: 1 marzo 2013 - By Epidotti, Trombetti, Vaglietti.